000 00671nam a2200193 4500
001 107572
003 ES-MaACL
007 t|
008 061121s1974 ag r ||||1| spa d
100 1 _aMorehouse, Laurence E.
_983221
245 1 0 _aFisiología del ejercicio /
_cE. Laurence Morehouse, Augusto T. Miller; prólogo de Bernardo A. Houssay: [ traducción de Alberto F. Leveroni].
250 _a3.ª ed.
260 _aBuenos Aires [etc.] :
_bEl Ateneo,
_c1974.
300 _aXii, 306 p. :
_bil ;
_c23.
700 1 _aMiller, Augusto T.
_981200
700 1 _aHoussay, Bernardo A.
_964352
700 1 _aLeveroni, Alberto F.
_971937
852 _aES-MaACL
_jE-7719
_bR.92114
999 _c107572
_d107572